Trabajo de metales / (Record no. 143370)

MARC details
000 -LEADER
campo de control de longitud fija 00665nam a2200169 i 4500
001 - NÚMERO DE CONTROL
campo de control 143370
003 - IDENTIFICADOR DE NÚMERO DE CONTROL
campo de control ES-MaACL
005 - FECHA Y HORA DE LA ÚLTIMA TRANSACCIÓN
campo de control 20230906200807.0
007 - CAMPO FIJO DE DESCRIPCIÓN FÍSICA--INFORMACIÓN GENERAL
campo de control de longitud fija t|
008 - DATOS DE LONGITUD FIJA--INFORMACIÓN GENERAL
campo de control de longitud fija 070214m19161917sp r ||||1| spa d
100 1# - ENTRADA PRINCIPAL--NOMBRE DE PERSONA
Nombre de persona Serrano Jiménez, César.
9 (RLIN) 105766
245 10 - MENCIÓN DEL TÍTULO
Título Trabajo de metales /
Mención de responsabilidad, etc. César Serrano Jiménez.
260 ## - PUBLICACIÓN, DISTRIBUCIÓN, ETC.
Lugar de publicación, distribución, etc. Zaragoza :
Nombre del editor, distribuidor, etc. [s. n.],
Fecha de publicación, distribución, etc. 1916-17 (
Fabricante Tip. Hospicio Provincial)
300 ## - DESCRIPCIÓN FÍSICA
Extensión 4 v. ( 2 v. texto y 2 v. atlas) ;
Dimensiones 26 y 37 cm.
500 ## - NOTA GENERAL
Nota general Contiene: 1ª parte . Moldería y forja -- 2ª parte . Máquinas herramientas : labra manual y mecánica de maderas : organización y administración de talleres.
852 ## - LOCALIZACIÓN
Ubicación ES-MaACL
Número de control de estantería A-1160-63
Holdings
Estatus retirado Estado de pérdida Estado de daño No para préstamo Biblioteca de origen Biblioteca actual Ubicación en estantería Fecha de adquisición Fuente de adquisición Total de préstamos Signatura topográfica completa Código de barras Visto por última vez Precio de reemplazo Tipo de ítem Koha
        Biblioteca del Ateneo de Madrid Biblioteca del Ateneo de Madrid Sala Pecera Planta 1 17/01/2008     A-1160-63 1149165 23/02/2023 23/02/2023 Libro impreso